Spoločnosť 5.0 - Ekonomika budúcnosti?
Salvato in:
| Autore principale: | |
|---|---|
| Altri autori: | , , |
| Natura: | Libro |
| Lingua: | slovacco |
| Pubblicazione: |
Bratislava
Wolters Kluwer
2017
|
| Edizione: | 1. vyd. |
| Serie: | Ekonómia
|
| Soggetti: | |
| Tags: |
Nessun Tag, puoi essere il primo ad aggiungerne!!
|
MARC
| LEADER | 00000nam a2200000 4500 | ||
|---|---|---|---|
| 001 | 0236351 | ||
| 005 | 20240502073826.0 | ||
| 020 | |a 978-80-8168-678-8 | ||
| 041 | 0 | |a slo | |
| 044 | |a SK | ||
| 245 | 1 | 0 | |a Spoločnosť 5.0 - Ekonomika budúcnosti? |c Peter Staněk, Pavlína Ivanová ; recenzovali: Juraj Sipko, Rudolf Sivák |
| 250 | |a 1. vyd. | ||
| 264 | 1 | |a Bratislava |b Wolters Kluwer |c 2017 | |
| 300 | |a 172 s. [8,74 AH] | ||
| 490 | 1 | |a Ekonómia | |
| 830 | 0 | |a Ekonómia | |
| 610 | 2 | 0 | |a spoločnosť |
| 610 | 2 | 0 | |a spoločnosť informačná |
| 610 | 2 | 0 | |a priemysel 4.0 |
| 610 | 2 | 0 | |a zmeny technologické |
| 610 | 2 | 0 | |a technológie nové |
| 610 | 2 | 0 | |a revolúcia technická |
| 610 | 2 | 0 | |a robotizácia |
| 610 | 2 | 0 | |a informatizácia |
| 610 | 2 | 0 | |a digitalizácia |
| 610 | 2 | 0 | |a inteligencia umelá |
| 610 | 2 | 0 | |a ekonomika zdieľaná |
| 610 | 2 | 0 | |a spotreba |
| 610 | 2 | 0 | |a konkurencieschopnosť |
| 610 | 2 | 0 | |a rozvoj trvalo udržateľný |
| 100 | 1 | |a Staněk, Peter | |
| 700 | 1 | |a Ivanová, Pavlína | |
| 700 | 1 | |a Sipko, Juraj | |
| 700 | 1 | |a Sivák, Rudolf, 1955- | |